| 000 | 00400 a2200109 4500 | ||
|---|---|---|---|
| 001 | ART_29929 | ||
| 005 | 20260410162002.0 | ||
| 008 | 260409a | ||
| 245 | 1 | 0 | _aVisión crítica de las razones que fundamentan la inclusión del tipo penal del abuso de armas |
| 100 | 1 | _aReynares Solari, Federico G. | |
| 773 | 0 |
_tIntercátedras _gIV y V Encuentro 2013 - Nº 2 (jun. 2014) _wREV29919 |
|
| 999 |
_c31389 _d31389 |
||